[Event "Moscow Aeroflot op-A"]
[Site "Moscow"]
[Date "2024.03.06"]
[Round "7"]
[White "Zhalmakhanov, Ramazan"]
[Black "Gerasimov, Ivan"]
[Result "1-0"]
[WhiteElo "2480"]
[BlackElo "2361"]
[PlyCount "125"]
[EventDate "2024.03.03"]
[EventType "swiss"]
[EventRounds "9"]
[EventCountry "RUS"]
[SourceTitle "CBM 219 Extra"]
[Source "ChessBase"]
[SourceDate "2024.05.31"]
[SourceVersion "1"]
[SourceVersionDate "2024.05.31"]
[SourceQuality "1"]

1. d4 d5 2. Bf4 Nf6 3. Nc3 c5 4. e3 cxd4 5. exd4 Bg4 6. f3 Bd7 7. g4 e6 8. g5 Nh5 9. Be3 Qb6 10. Rb1 Bd6 11. Qd2 Qc7 12. Nge2 a6 13. Bh3 g6 14. Bg4 Ng7 15. Nf4 Bc6 16. Nce2 Nd7 17. b3 f5 18. Bh3 0-0 19. 0-0 Qd8 20. Kh1 Be7 21. Nd3 Bb5 22. Rg1 Bxd3 23. Qxd3 e5 24. c4 e4 25. Qd1 Nb6 26. c5 Nc8 27. fxe4 fxe4 28. Nf4 Na7 29. b4 Nb5 30. Ne6 Qd7 31. Nf4 Nf5 32. Qb3 Nc7 33. a4 Rad8 34. Rbf1 Ne6 35. Ne2 Kg7 36. Bc1 Nh4 37. Nf4 Nf5 38. Ne2 Rf7 39. Bxf5 Rxf5 40. Rxf5 gxf5 41. Qh3 Nf8 42. Ng3 Ng6 43. Qxf5 Qxf5 44. Nxf5+ Kf7 45. Rf1 Ke6 46. Ng7+ Kd7 47. Rf5 Kc6 48. Ne6 Rd7 49. Rf7 b6 50. cxb6 Bxb4 51. Rf6 Rd6 52. a5 Bxa5 53. Ba3 Bxb6 54. Bxd6 Kxd6 55. Nf4+ Kd7 56. Nxg6 Bxd4 57. Rf7+ Ke6 58. Rxh7 a5 59. Nf4+ Kf5 60. Nxd5 a4 61. Kg2 a3 62. Nb4 Kxg5 63. Kf1 1-0

[Event "Moscow Aeroflot op-A"]
[Site "Moscow"]
[Date "2024.03.05"]
[Round "5"]
[White "Gerasimov, Ivan"]
[Black "Shuvalova, Polina"]
[Result "0-1"]
[WhiteElo "2361"]
[BlackElo "2455"]
[PlyCount "94"]
[EventDate "2024.03.03"]
[EventType "swiss"]
[EventRounds "9"]
[EventCountry "RUS"]
[SourceTitle "CBM 219 Extra"]
[Source "ChessBase"]
[SourceDate "2024.05.31"]
[SourceVersion "1"]
[SourceVersionDate "2024.05.31"]
[SourceQuality "1"]

1. e4 c5 2. Nf3 d6 3. d4 cxd4 4. Nxd4 Nf6 5. Nc3 a6 6. f3 e5 7. Nb3 Be6 8. Be3 Nbd7 9. Qd2 Be7 10. 0-0-0 0-0 11. g4 b5 12. a3 Rc8 13. h4 Nb6 14. g5 Nh5 15. Na5 Ng3 16. Rg1 Nxf1 17. Rgxf1 Na4 18. Nd5 Bxd5 19. exd5 Nc3 20. Nc6 Rxc6 21. dxc6 Nxd1 22. Rxd1 Qc7 23. Qd5 Rc8 24. f4 Qxc6 25. c3 Qxd5 26. Rxd5 f6 27. a4 Kf7 28. axb5 Ke6 29. Rd1 axb5 30. Kc2 b4 31. Kd3 bxc3 32. bxc3 Ra8 33. gxf6 gxf6 34. Rg1 Bf8 35. h5 Ra4 36. f5+ Kxf5 37. Rg8 Be7 38. Rg7 Ke6 39. Rxh7 Rh4 40. c4 Rh3 41. Rh6 Bf8 42. Rh8 Kf7 43. Ke4 Kg7 44. Bh6+ Kxh8 45. Bxf8 Rh4+ 46. Kf5 Kg8 47. Bxd6 Kf7 0-1

[Event "Moscow Aeroflot op-A"]
[Site "Moscow"]
[Date "2024.03.03"]
[Round "1"]
[White "Smirnov, Pavel"]
[Black "Gerasimov, Ivan"]
[Result "1/2-1/2"]
[WhiteElo "2519"]
[BlackElo "2361"]
[PlyCount "41"]
[EventDate "2024.03.03"]
[EventType "swiss"]
[EventRounds "9"]
[EventCountry "RUS"]
[SourceTitle "CBM 219 Extra"]
[Source "ChessBase"]
[SourceDate "2024.05.31"]
[SourceVersion "1"]
[SourceVersionDate "2024.05.31"]
[SourceQuality "1"]

1. d4 d5 2. c4 dxc4 3. Nf3 Nf6 4. e3 e6 5. Bxc4 c5 6. 0-0 a6 7. e4 b5 8. Be2 Bb7 9. a4 Be7 10. axb5 0-0 11. e5 Nd5 12. Nc3 axb5 13. Rxa8 Bxa8 14. Nxb5 Nc6 15. dxc5 Bxc5 16. Ng5 Be7 17. Nf3 Qb8 18. Re1 Nxe5 19. Nxe5 Qxe5 20. Bf3 Qf6 21. Be4 1/2-1/2

[Event "Nezhmetdinov Memorial 37th"]
[Site "Kazan"]
[Date "2015.06.04"]
[Round "5"]
[White "Timofeev, Artyom"]
[Black "Gerasimov, Ivan"]
[Result "1-0"]
[WhiteElo "2534"]
[BlackElo "2329"]
[PlyCount "59"]
[EventDate "2015.05.31"]
[EventType "swiss"]
[EventRounds "9"]
[EventCountry "RUS"]
[SourceTitle "CBM 166 Extra"]
[Source "ChessBase"]
[SourceDate "2015.06.18"]
[SourceVersion "1"]
[SourceVersionDate "2015.06.18"]
[SourceQuality "1"]

1. e4 c5 2. Nf3 e6 3. d4 cxd4 4. Nxd4 a6 5. Bd3 Bc5 6. Nb3 Be7 7. Qg4 Bf6 8. N1d2 d6 9. Qg3 Nc6 10. Nc4 Ne5 11. Nxe5 dxe5 12. a4 Ne7 13. a5 0-0 14. Be3 Bd7 15. 0-0 Ng6 16. Bb6 Qc8 17. Nc5 Bc6 18. Rfd1 Nf4 19. Bf1 Be7 20. Qe3 Kh8 21. g3 Ng6 22. h4 Re8 23. b4 f5 24. Bg2 Nf8 25. c4 Nd7 26. Nxd7 Bxd7 27. b5 axb5 28. Qd3 Bc6 29. cxb5 fxe4 30. bxc6 1-0

[Event "RUS-chT blitz"]
[Site "Sochi"]
[Date "2015.05.10"]
[Round "2.31"]
[White "Gerasimov, Ivan"]
[Black "Talanin, Andrei"]
[Result "0-1"]
[WhiteElo "2329"]
[BlackElo "2279"]
[PlyCount "70"]
[EventDate "2015.05.10"]
[EventType "team-swiss (blitz)"]
[EventRounds "11"]
[EventCountry "RUS"]
[SourceTitle "CBM 166 Extra"]
[Source "ChessBase"]
[SourceDate "2015.06.18"]
[SourceVersion "1"]
[SourceVersionDate "2015.06.18"]
[SourceQuality "1"]
[WhiteTeam "Kazan Ladya II"]
[BlackTeam "Kstovo Volga"]
[WhiteTeamCountry "RUS"]
[BlackTeamCountry "RUS"]

1. e4 d5 2. exd5 Qxd5 3. Nc3 Qd6 4. d4 Nf6 5. Nf3 a6 6. g3 Bg4 7. Bg2 c6 8. 0-0 e6 9. Bf4 Qd8 10. h3 Bh5 11. g4 Bg6 12. Ne5 Be7 13. Bg3 Nbd7 14. f4 Nb6 15. Qd2 Nbd5 16. Rae1 Qb6 17. Na4 Qb4 18. Qxb4 Nxb4 19. c3 Nbd5 20. c4 Nb4 21. Nxg6 hxg6 22. f5 gxf5 23. gxf5 Nc2 24. fxe6 Nxe1 25. exf7+ Kxf7 26. Rxe1 Rad8 27. Be5 Rhe8 28. Rf1 Kg8 29. c5 Nd5 30. Nc3 Ne3 31. Rf2 Nc4 32. Bh2 Rxd4 33. Be4 Bxc5 34. Kh1 Rdxe4 35. Nxe4 Rxe4 0-1

[Event "RUS-chT rapid"]
[Site "Sochi"]
[Date "2015.05.08"]
[Round "1.23"]
[White "Gerasimov, Ivan"]
[Black "Bocharov, Dmitry"]
[Result "1/2-1/2"]
[WhiteElo "2329"]
[BlackElo "2577"]
[PlyCount "163"]
[EventDate "2015.05.08"]
[EventType "team-swiss"]
[EventRounds "9"]
[EventCountry "RUS"]
[SourceTitle "CBM 166 Extra"]
[Source "ChessBase"]
[SourceDate "2015.06.18"]
[SourceVersion "1"]
[SourceVersionDate "2015.06.18"]
[SourceQuality "1"]
[WhiteTeam "Kazan Ladya II"]
[BlackTeam "Novosibirsk Siberia"]
[WhiteTeamCountry "RUS"]
[BlackTeamCountry "RUS"]

1. e4 c5 2. Nf3 e6 3. d4 cxd4 4. Nxd4 a6 5. Bd3 Nf6 6. 0-0 Qc7 7. Kh1 d6 8. c4 g6 9. Nc3 Bg7 10. f4 Nbd7 11. Be3 b6 12. Bg1 0-0 13. Qe2 Bb7 14. Nf3 Rac8 15. Rad1 Rfe8 16. Nd2 Qb8 17. Bb1 Ba8 18. Rde1 Rcd8 19. Qf3 b5 20. cxb5 axb5 21. Qh3 b4 22. Ne2 Rc8 23. Rc1 e5 24. Rxc8 Rxc8 25. f5 Qb5 26. Bd3 Qa4 27. fxg6 hxg6 28. b3 Qc6 29. Bc4 Rf8 30. Ng3 d5 31. exd5 Nxd5 32. Nge4 Nf4 33. Rxf4 exf4 34. Ng5 Nf6 35. Nde4 Nh5 36. Nxf7 Rxf7 37. Ng5 Bf6 38. Nxf7 Kg7 39. Be2 Qc2 40. Bxh5 gxh5 41. Nd6 Kg6 42. Nc4 Qe2 43. Nd6 Qc2 44. Nc4 Be4 45. Nd6 Ba8 46. Nc4 Qxa2 47. Qd3+ Kh6 48. Nd2 Qb2 49. h3 Qc3 50. Qe2 Qxh3+ 51. Bh2 Qe3 52. Qf1 Kg7 53. Qxf4 Qe1+ 54. Nf1 Bd5 55. Qc7+ Kg6 56. Qc2+ Qe4 57. Qxe4+ Bxe4 58. Nd2 Bd5 59. Bd6 Bc3 60. Bf4 Kf5 61. Be3 Be4 62. Kg1 Bd3 63. Kf2 Kg4 64. Nf3 Bc2 65. Nd4 Be4 66. Nb5 Bf6 67. Nd4 Bd5 68. Nc2 Be7 69. Bd2 Bxb3 70. Nxb4 Bc5+ 71. Ke1 Kg3 72. Nd3 Bd6 73. Nc1 Bf7 74. Ne2+ Kxg2 75. Nf4+ Kf3 76. Nxh5 Bxh5 77. Kd1 Bg6 78. Bh6 Bb4 79. Kc1 Ke2 80. Kb2 Bf7 81. Bg7 Kd3 82. Ka1 1/2-1/2

[Event "RUS-chT rapid"]
[Site "Sochi"]
[Date "2015.05.08"]
[Round "2.35"]
[White "Savitskiy, Sergey"]
[Black "Gerasimov, Ivan"]
[Result "0-1"]
[WhiteElo "2330"]
[BlackElo "2329"]
[PlyCount "142"]
[EventDate "2015.05.08"]
[EventType "team-swiss"]
[EventRounds "9"]
[EventCountry "RUS"]
[SourceTitle "CBM 166 Extra"]
[Source "ChessBase"]
[SourceDate "2015.06.18"]
[SourceVersion "1"]
[SourceVersionDate "2015.06.18"]
[SourceQuality "1"]
[WhiteTeam "Yamal YaNAO"]
[BlackTeam "Kazan Ladya II"]
[WhiteTeamCountry "RUS"]
[BlackTeamCountry "RUS"]

1. e4 c5 2. Nf3 e6 3. d4 cxd4 4. Nxd4 a6 5. Nc3 Qc7 6. f4 b5 7. Bd3 Bb7 8. Qe2 Nc6 9. Nb3 Nb4 10. Be3 Nf6 11. a3 Nxd3+ 12. cxd3 Be7 13. Rc1 Qd8 14. 0-0 0-0 15. a4 b4 16. Nb1 Bc6 17. a5 Qb8 18. N1d2 Bb5 19. Nd4 Bd8 20. Nxb5 Qxb5 21. Bc5 Re8 22. e5 Nd5 23. Ne4 Bc7 24. Bd6 Bxa5 25. f5 exf5 26. Rxf5 Bb6+ 27. Kh1 Ne3 28. Rg5 Re6 29. Qh5 Rg6 30. e6 Qxd3 31. exf7+ Kxf7 32. Rxg6 hxg6 33. Qf3+ Kg8 34. Bxb4 Re8 35. Ng5 Qf5 36. Qxf5 gxf5 37. h3 g6 38. Nf3 Kf7 39. Bc5 Bxc5 40. Rxc5 Kf6 41. Rc7 d5 42. Kg1 Re6 43. b3 g5 44. Nd4 Rb6 45. Kf2 f4 46. g3 Nf5 47. Nxf5 Kxf5 48. gxf4 gxf4 49. Ra7 Rxb3 50. Rxa6 Rxh3 51. Rd6 Ke4 52. Re6+ Kd3 53. Rf6 Ke4 54. Re6+ Kf5 55. Rd6 Ke5 56. Rd8 d4 57. Ke2 Re3+ 58. Kf2 Ke4 59. Re8+ Kd3 60. Rf8 Kc3 61. Rc8+ Kd2 62. Rc4 d3 63. Rxf4 Re8 64. Rf7 Kd1 65. Rd7 d2 66. Rd5 Rf8+ 67. Kg2 Rf7 68. Kg3 Ke2 69. Re5+ Kd3 70. Rd5+ Ke3 71. Kg2 Rf4 0-1

[Event "RUS-chT2"]
[Site "Sochi"]
[Date "2015.05.07"]
[Round "7.7"]
[White "Gerasimov, Ivan"]
[Black "Bykov, Egor"]
[Result "1-0"]
[WhiteElo "2329"]
[BlackElo "2263"]
[PlyCount "49"]
[EventDate "2015.05.01"]
[EventType "team-swiss"]
[EventRounds "7"]
[EventCountry "RUS"]
[SourceTitle "CBM 166 Extra"]
[Source "ChessBase"]
[SourceDate "2015.06.18"]
[SourceVersion "1"]
[SourceVersionDate "2015.06.18"]
[SourceQuality "1"]
[WhiteTeam "Kazan Ladya II"]
[BlackTeam "Stavropol Region"]
[WhiteTeamCountry "RUS"]
[BlackTeamCountry "RUS"]

1. e4 e6 2. d4 d5 3. e5 c5 4. c3 Nc6 5. Nf3 Qb6 6. a3 a5 7. Bd3 Bd7 8. Bc2 Qa6 9. Bd3 Qb6 10. Bc2 Qa6 11. Be3 a4 12. dxc5 Qb5 13. Nbd2 Qxb2 14. Bd4 Qb5 15. Rb1 Qa5 16. Rxb7 Bxc5 17. Bxc5 Qxc5 18. Ne4 Qxa3 19. Nd6+ Ke7 20. 0-0 Rb8 21. Rc7 Nh6 22. Bxa4 Rb6 23. Qd2 Qxa4 24. Qg5+ Kf8 25. Rxd7 1-0

[Event "RUS-chT2"]
[Site "Sochi"]
[Date "2015.05.03"]
[Round "3.7"]
[White "Gerasimov, Ivan"]
[Black "Benza, Artem"]
[Result "1-0"]
[WhiteElo "2329"]
[BlackElo "2369"]
[PlyCount "43"]
[EventDate "2015.05.01"]
[EventType "team-swiss"]
[EventRounds "7"]
[EventCountry "RUS"]
[SourceTitle "CBM 166 Extra"]
[Source "ChessBase"]
[SourceDate "2015.06.18"]
[SourceVersion "1"]
[SourceVersionDate "2015.06.18"]
[SourceQuality "1"]
[WhiteTeam "Kazan Ladya II"]
[BlackTeam "Desnogorsk Atom"]
[WhiteTeamCountry "RUS"]
[BlackTeamCountry "RUS"]

1. e4 e6 2. d4 d5 3. Nd2 c5 4. exd5 Qxd5 5. Ngf3 cxd4 6. Bc4 Qd6 7. 0-0 Nf6 8. Nb3 Nc6 9. Nbxd4 Nxd4 10. Nxd4 a6 11. Re1 Qc7 12. Bb3 Bd6 13. Nf5 Bxh2+ 14. Kh1 0-0 15. Nxg7 Rd8 16. Qf3 Kxg7 17. Bh6+ Kg6 18. c3 Nh5 19. Be3 f5 20. Bc2 Bd7 21. Qg4+ Kf6 22. Qg5+ 1-0

[Event "RUS-chT2"]
[Site "Sochi"]
[Date "2015.05.01"]
[Round "1.1"]
[White "Gerasimov, Ivan"]
[Black "Pogromsky, Mikhail"]
[Result "1/2-1/2"]
[WhiteElo "2329"]
[BlackElo "2428"]
[PlyCount "40"]
[EventDate "2015.05.01"]
[EventType "team-swiss"]
[EventRounds "7"]
[EventCountry "RUS"]
[SourceTitle "CBM 166 Extra"]
[Source "ChessBase"]
[SourceDate "2015.06.18"]
[SourceVersion "1"]
[SourceVersionDate "2015.06.18"]
[SourceQuality "1"]
[WhiteTeam "Kazan Ladya II"]
[BlackTeam "Nizhny Tagil Politekhnik"]
[WhiteTeamCountry "RUS"]
[BlackTeamCountry "RUS"]

1. e4 Nf6 2. e5 Nd5 3. d4 d6 4. Nf3 Nb6 5. Be2 Bg4 6. 0-0 Nc6 7. h3 Bh5 8. e6 fxe6 9. Ng5 Bxe2 10. Qxe2 Nxd4 11. Qe4 e5 12. f4 d5 13. Qxe5 Nxc2 14. Qf5 Nxa1 15. Qf7+ Kd7 16. Qe6+ Ke8 17. Qf7+ Kd7 18. Qe6+ Ke8 19. Qf7+ Kd7 20. Qe6+ Ke8 1/2-1/2

[Event "Moscow op-A"]
[Site "Moscow"]
[Date "2015.02.08"]
[Round "9"]
[White "Velichko, Arseny"]
[Black "Gerasimov, Ivan"]
[Result "0-1"]
[WhiteElo "2118"]
[BlackElo "2327"]
[PlyCount "104"]
[EventDate "2015.01.31"]
[EventType "swiss"]
[EventRounds "9"]
[EventCountry "RUS"]
[SourceTitle "CBM 164 Extra"]
[Source "ChessBase"]
[SourceDate "2015.03.02"]
[SourceVersion "1"]
[SourceVersionDate "2015.03.02"]
[SourceQuality "1"]

1. d4 Nf6 2. c4 e6 3. Nf3 Bb4+ 4. Bd2 c5 5. Bxb4 cxb4 6. g3 0-0 7. Bg2 d6 8. 0-0 Qc7 9. Nbd2 e5 10. a3 bxa3 11. Rxa3 Nc6 12. d5 Nb4 13. Ne1 Bd7 14. Nd3 Nxd3 15. Rxd3 a5 16. e4 b5 17. b3 a4 18. bxa4 bxa4 19. Qc2 Qc5 20. Ra1 Rab8 21. Rb1 Rfc8 22. Rxb8 Rxb8 23. Qa2 Rb4 24. h3 Ne8 25. Bf1 Nc7 26. Ra3 h6 27. Qc2 Na6 28. Qc3 Rb8 29. Be2 Qb4 30. Qe3 Nc5 31. Bd1 Qb2 32. Qc3 Qxc3 33. Rxc3 Rb2 34. Rc2 Rxc2 35. Bxc2 Bxh3 36. Nb1 Bd7 37. Kf1 Kf8 38. Ke2 h5 39. f4 f6 40. f5 g5 41. Ke3 Ke7 42. Bd1 Be8 43. Na3 Kd8 44. Nc2 Kc7 45. Nb4 Kb6 46. Bf3 Na6 47. Na2 Kc5 48. Nc1 Kb4 49. Nd3+ Kc3 50. c5 Nxc5 51. Nxc5 dxc5 52. d6 g4 0-1

[Event "Moscow op-A"]
[Site "Moscow"]
[Date "2015.02.05"]
[Round "6"]
[White "Seliverstov, Vladimir"]
[Black "Gerasimov, Ivan"]
[Result "1/2-1/2"]
[WhiteElo "2432"]
[BlackElo "2327"]
[PlyCount "79"]
[EventDate "2015.01.31"]
[EventType "swiss"]
[EventRounds "9"]
[EventCountry "RUS"]
[SourceTitle "CBM 164 Extra"]
[Source "ChessBase"]
[SourceDate "2015.03.02"]
[SourceVersion "1"]
[SourceVersionDate "2015.03.02"]
[SourceQuality "1"]

1. d4 Nf6 2. c4 e6 3. g3 Bb4+ 4. Bd2 c5 5. Bxb4 cxb4 6. Bg2 0-0 7. Nf3 d6 8. 0-0 a5 9. a3 Na6 10. Nbd2 Qc7 11. e3 Rd8 12. Qb1 h6 13. Rc1 b6 14. Ne4 Nxe4 15. Qxe4 Bb7 16. Qf4 Re8 17. g4 e5 18. Qg3 Rad8 19. g5 hxg5 20. Nxg5 Bxg2 21. Qxg2 Qe7 22. Kh1 bxa3 23. bxa3 exd4 24. exd4 d5 25. Rg1 Rd6 26. cxd5 Nc7 27. Qh3 Rh6 28. Qf5 Rd8 29. Rac1 Nxd5 30. Rc8 Rxc8 31. Qxc8+ Qf8 32. Qf5 Ne7 33. Qd7 Qb8 34. h3 Kf8 35. Qg4 Qc8 36. Qf4 Qf5 37. Qb8+ Qc8 38. Qf4 Qf5 39. Qb8+ Qc8 40. Qf4 1/2-1/2

[Event "Moscow op-A"]
[Site "Moscow"]
[Date "2015.02.04"]
[Round "5"]
[White "Gerasimov, Ivan"]
[Black "Munguntuul, Batkhuyag"]
[Result "1/2-1/2"]
[WhiteElo "2327"]
[BlackElo "2433"]
[PlyCount "128"]
[EventDate "2015.01.31"]
[EventType "swiss"]
[EventRounds "9"]
[EventCountry "RUS"]
[SourceTitle "CBM 164 Extra"]
[Source "ChessBase"]
[SourceDate "2015.03.02"]
[SourceVersion "1"]
[SourceVersionDate "2015.03.02"]
[SourceQuality "1"]

1. d4 d5 2. c4 e6 3. Nc3 h6 4. Bf4 Nf6 5. e3 Be7 6. Nf3 0-0 7. Be2 a6 8. c5 Nbd7 9. 0-0 Ne4 10. Nxe4 dxe4 11. Nd2 e5 12. dxe5 Nxc5 13. Qc2 Bf5 14. Rfd1 Qc8 15. b4 Nd3 16. Nxe4 Nxb4 17. Qb1 Qe6 18. Bf3 Rad8 19. a3 Rxd1+ 20. Qxd1 Rd8 21. Qc1 Nd5 22. Bg3 Bg6 23. h3 b5 24. Nc5 Qb6 25. e4 Nc3 26. Nxa6 Nxe4 27. Qxc7 Qxc7 28. Nxc7 Nxg3 29. fxg3 Bd3 30. Rd1 Bc4 31. Nd5 Bc5+ 32. Kh2 Kf8 33. Nb4 Rxd1 34. Bxd1 Bd4 35. a4 Bc3 36. Nc6 b4 37. Na5 Be6 38. Nb3 Bxe5 39. a5 Bc4 40. Nc5 Bd4 41. Nb3 Be5 42. Nd2 Ba6 43. Bb3 Ke7 44. h4 h5 45. Nf3 Bd6 46. Ng5 f5 47. Ne6 Kf6 48. Nf4 g5 49. hxg5+ Kxg5 50. Ne6+ Kf6 51. Kh3 Ke5 52. Kh4 Be2 53. Kg5 Be7+ 54. Kg6 h4 55. gxh4 Bxh4 56. Ng5 Bf2 57. Nf3+ Kf4 58. Bd5 Bd3 59. Kf6 Be3 60. Ke6 Be2 61. Ne5 b3 62. Nc4 Bc5 63. Nb2 Ke3 64. a6 Kf2 1/2-1/2

[Event "RSSS-ch"]
[Site "Ekaterinburg"]
[Date "2014.10.30"]
[Round "8"]
[White "Pasiev, Rakhim"]
[Black "Gerasimov, Ivan"]
[Result "1/2-1/2"]
[WhiteElo "2393"]
[BlackElo "2337"]
[PlyCount "65"]
[EventDate "2014.09.23"]
[EventType "swiss"]
[EventRounds "9"]
[EventCountry "RUS"]
[SourceTitle "EXT 2015"]
[Source "ChessBase"]
[SourceDate "2014.11.20"]
[SourceVersion "1"]
[SourceVersionDate "2014.11.20"]
[SourceQuality "1"]

1. g3 d5 2. Bg2 Nf6 3. Nf3 c6 4. 0-0 Bg4 5. Ne5 Bf5 6. d4 e6 7. Nd2 Nbd7 8. h3 Nxe5 9. dxe5 Nd7 10. f4 Qb6+ 11. Kh2 0-0-0 12. c4 d4 13. a3 f6 14. exf6 Nxf6 15. b4 d3 16. c5 dxe2 17. Qxe2 Qb5 18. Re1 Qxe2 19. Rxe2 g6 20. Bb2 Bg7 21. Be5 h6 22. Nb3 Bd3 23. Ree1 Bc4 24. Na5 Bd5 25. Re2 g5 26. Bxd5 Rxd5 27. Nc4 gxf4 28. gxf4 Nh5 29. Nd6+ Kd7 30. Bxg7 Nxg7 31. Rg1 Nh5 32. Rg6 Rh7 33. Rg8 1/2-1/2

[Event "Nezhmetdinov Memorial 36th"]
[Site "Kazan"]
[Date "2014.06.07"]
[Round "8"]
[White "Gerasimov, Ivan"]
[Black "Chernozemov, Andrey"]
[Result "1-0"]
[WhiteElo "2346"]
[BlackElo "2114"]
[PlyCount "51"]
[EventDate "2014.05.31"]
[EventType "swiss"]
[EventRounds "9"]
[EventCountry "RUS"]
[SourceTitle "CBM 160 Extra"]
[Source "ChessBase"]
[SourceDate "2014.07.01"]
[SourceVersion "1"]
[SourceVersionDate "2014.07.01"]
[SourceQuality "1"]

1. e4 Nc6 2. d4 d5 3. e5 Bf5 4. Ne2 e6 5. Nf4 h6 6. h4 Nb4 7. Nd3 Bxd3 8. Bxd3 Nxd3+ 9. Qxd3 Qd7 10. h5 c5 11. c3 Ne7 12. Be3 Nc6 13. 0-0 Be7 14. f4 cxd4 15. cxd4 Nb4 16. Qe2 Rc8 17. Nc3 a6 18. a3 Nc6 19. Qg4 Bf8 20. f5 Na5 21. fxe6 Qxe6 22. Qf3 Rd8 23. Rac1 Nc4 24. Nxd5 Rxd5 25. Rxc4 Be7 26. Rc7 1-0

[Event "Nezhmetdinov Memorial 36th"]
[Site "Kazan"]
[Date "2014.06.06"]
[Round "7"]
[White "Sadykov, Ramil"]
[Black "Gerasimov, Ivan"]
[Result "1-0"]
[WhiteElo "2288"]
[BlackElo "2346"]
[PlyCount "91"]
[EventDate "2014.05.31"]
[EventType "swiss"]
[EventRounds "9"]
[EventCountry "RUS"]
[SourceTitle "CBM 160 Extra"]
[Source "ChessBase"]
[SourceDate "2014.07.01"]
[SourceVersion "1"]
[SourceVersionDate "2014.07.01"]
[SourceQuality "1"]

1. e4 e5 2. Nf3 Nc6 3. Bc4 Bc5 4. c3 d6 5. d4 exd4 6. cxd4 Bb6 7. Bb5 Bd7 8. Nc3 a6 9. Ba4 Nge7 10. 0-0 0-0 11. h3 h6 12. Bf4 Ng6 13. Bg3 Nce7 14. Bb3 Be6 15. Rc1 Bxb3 16. Qxb3 Qd7 17. h4 Rfe8 18. h5 Nf8 19. Rfe1 Ne6 20. Rcd1 Rab8 21. Qc2 Kh8 22. Qd2 f6 23. e5 dxe5 24. dxe5 Qxd2 25. Rxd2 f5 26. Bh4 Ba5 27. Bxe7 Rxe7 28. Nh4 Rf7 29. g3 Nf8 30. Rd5 Bxc3 31. bxc3 Re8 32. f4 Re6 33. Kf2 Kh7 34. Rb1 b6 35. c4 Rc6 36. Rc1 g5 37. hxg6+ Nxg6 38. Nf3 Nf8 39. Nd4 Rc5 40. Nb3 Rc6 41. Nd4 Rg6 42. c5 b5 43. c6 Ne6 44. Rd7 Kg8 45. Rxf7 Kxf7 46. Nxf5 1-0

[Event "Nezhmetdinov Memorial 36th"]
[Site "Kazan"]
[Date "2014.05.31"]
[Round "1"]
[White "Galimov, Ildus"]
[Black "Gerasimov, Ivan"]
[Result "0-1"]
[WhiteElo "1926"]
[BlackElo "2346"]
[PlyCount "56"]
[EventDate "2014.05.31"]
[EventType "swiss"]
[EventRounds "9"]
[EventCountry "RUS"]
[SourceTitle "CBM 160 Extra"]
[Source "ChessBase"]
[SourceDate "2014.07.01"]
[SourceVersion "1"]
[SourceVersionDate "2014.07.01"]
[SourceQuality "1"]

1. d4 Nf6 2. Nc3 d5 3. Bg5 Nbd7 4. Nf3 h6 5. Bh4 g6 6. e3 Bg7 7. Bd3 0-0 8. 0-0 c5 9. Re1 b6 10. e4 dxe4 11. Nxe4 Bb7 12. c3 Nxe4 13. Bxe4 Bxe4 14. Rxe4 g5 15. Nxg5 hxg5 16. Bxg5 f6 17. Bh4 Rf7 18. Qb3 Nf8 19. dxc5 bxc5 20. Rd1 Qb6 21. Qc2 Ng6 22. Rde1 e5 23. Rg4 f5 24. Ra4 e4 25. Bg5 Ne5 26. b4 Nd3 27. Rd1 cxb4 28. cxb4 Nb2 0-1

[Event "RUS-ch U26"]
[Site "Saratov"]
[Date "2013.09.30"]
[Round "7"]
[White "Ponkratov, Pavel"]
[Black "Gerasimov, Ivan"]
[Result "1-0"]
[WhiteElo "2618"]
[BlackElo "2352"]
[PlyCount "107"]
[EventDate "2013.09.24"]
[EventType "swiss"]
[EventRounds "9"]
[EventCountry "RUS"]
[SourceTitle "EXT 2015"]
[Source "ChessBase"]
[SourceDate "2014.11.20"]
[SourceVersion "1"]
[SourceVersionDate "2014.11.20"]
[SourceQuality "1"]

1. e4 e5 2. Nf3 Nc6 3. Bb5 Nge7 4. Nc3 g6 5. d4 exd4 6. Nd5 Bg7 7. Bg5 h6 8. Bf6 Bxf6 9. Nxf6+ Kf8 10. Nxd4 Nf5 11. exf5 Qxf6 12. Bxc6 dxc6 13. fxg6 Kg7 14. Qf3 Re8+ 15. Kf1 Qxf3 16. Nxf3 fxg6 17. Re1 Bf5 18. Nd4 Bd7 19. f3 c5 20. Nb3 b6 21. Nc1 Bf5 22. c3 Rxe1+ 23. Kxe1 Rd8 24. Ke2 Bc2 25. Re1 c4 26. Kf2 Kf7 27. Re2 Ba4 28. Re4 Rd2+ 29. Ke3 Rxb2 30. Rxc4 Bb5 31. Rxc7+ Kf6 32. Rxa7 Rxg2 33. Rb7 Kg5 34. Rxb6 Bf1 35. f4+ Kh5 36. Nd3 Bxd3 37. Kxd3 Rxa2 38. c4 Rxh2 39. c5 Rh1 40. Rb2 Kg4 41. c6 Rd1+ 42. Rd2 Re1 43. c7 Re8 44. Rc2 Rc8 45. Ke4 g5 46. f5 Re8+ 47. Kd4 Rc8 48. f6 Kf5 49. f7 Kg6 50. f8Q Rxf8 51. c8Q Rxc8 52. Rxc8 Kf5 53. Ke3 Kg4 54. Kf2 1-0

[Event "Nezhmetdinov Memorial 35th"]
[Site "Kazan"]
[Date "2013.06.02"]
[Round "3"]
[White "Gerasimov, Ivan"]
[Black "Maiorov, Nikita"]
[Result "0-1"]
[WhiteElo "2336"]
[BlackElo "2535"]
[PlyCount "88"]
[EventDate "2013.05.31"]
[EventType "swiss"]
[EventRounds "9"]
[EventCountry "RUS"]
[SourceTitle "CBM 154 Extra"]
[Source "ChessBase"]
[SourceDate "2013.06.25"]
[SourceVersion "2"]
[SourceVersionDate "2013.06.25"]
[SourceQuality "1"]

1. e4 e5 2. Nf3 Nc6 3. Bb5 a6 4. Ba4 Nf6 5. 0-0 Be7 6. Re1 b5 7. Bb3 d6 8. c3 0-0 9. h3 Nb8 10. d4 Nbd7 11. Nbd2 Bb7 12. Bc2 Re8 13. a4 Bf8 14. Bd3 c6 15. b4 Nb6 16. a5 Nbd7 17. Bb2 Rc8 18. Bb1 g6 19. Ba2 Bh6 20. c4 exd4 21. c5 dxc5 22. e5 cxb4 23. e6 fxe6 24. Nxd4 Nf8 25. Nxe6 Nxe6 26. Rxe6 Nd5 27. Rxe8+ Qxe8 28. Nf3 Qf8 29. Qd3 Re8 30. Be5 Qc5 31. Re1 Bg7 32. Qe4 Bxe5 33. Nxe5 Qc3 34. f4 b3 35. Bb1 Nf6 36. Qe3 Qxe3+ 37. Rxe3 Nd5 38. Rxb3 Nxf4 39. Nd7 Re1+ 40. Kf2 Rc1 41. Be4 Bc8 42. Ne5 Be6 43. Rg3 Bd5 44. Ke3 Re1+ 0-1